Diario di una puttana santa

Salvato in:
Dettagli Bibliografici
Autore principale: Torriglia, Gianluigi
Natura: Libro
Lingua:inglese
Pubblicazione: Libroitaliano World 2008
Tags: Aggiungi Tag
Nessun Tag, puoi essere il primo ad aggiungerne!!

MARC

LEADER 00000nam a2200000 4500
005 20231216192829.0
008 231216b |||||||| |||| 00| 0 eng d
020 |a 8878657263 
040 |c C 
100 |a Torriglia, Gianluigi 
245 |a Diario di una puttana santa 
260 |b Libroitaliano World  |c 2008 
942 |2 ddc  |c BK  |n 0 
952 |0 0  |1 0  |2 ddc  |4 0  |6 858_800000000000000_TOR_DIA  |7 1  |9 466  |a GE  |b GE  |d 2023-12-15  |l 0  |o 858.8 TOR DIA  |p 4791  |r 2023-12-16 19:29:03  |w 2023-12-16  |y BK 
999 |c 375  |d 375